Sledovanie tepelného starnutia ocelí jadrových reaktorov pomocou Pozitrónovej anihilačnej spektroskopie
Gespeichert in:
| 1. Verfasser: | |
|---|---|
| Weitere Verfasser: | |
| Format: | Manuskript Buch |
| Sprache: | Slowakisch |
| Veröffentlicht: |
Bratislava :
STU v Bratislave FEI,
2021
|
| Schlagworte: | |
| Online-Zugang: | https://opac.crzp.sk/?fn=detailBiblioForm&sid=1D055279E2D1258CB9752B1E7F1A&seo=CRZP-detail-kniha |
| Tags: |
Keine Tags, Fügen Sie das erste Tag hinzu!
|
MARC
| LEADER | 00000ntm a22000003a 4500 | ||
|---|---|---|---|
| 001 | stuzp81136 | ||
| 003 | SK-STU | ||
| 005 | 20211118133007.6 | ||
| 007 | ta | ||
| 008 | 150427s2015----xo-----f-mn---000-0-slo-d | ||
| 040 | |a STU |b slo | ||
| 041 | 0 | |a slo | |
| 044 | |a xo | ||
| 100 | 1 | |a Kubiritová, Alžbeta |u 036000 |4 aut |U FEI Fakulta elektrotechniky a informatiky |T FEI Ústav jadrového a fyzikálneho inžinierstva |X 95478 |U E060 |Y 817 |7 95478 | |
| 242 | 0 | 1 | |a Positron annihilation spectroscopy investigation of thermal ageing of RPV steels |y eng |
| 245 | 1 | 0 | |a Sledovanie tepelného starnutia ocelí jadrových reaktorov pomocou Pozitrónovej anihilačnej spektroskopie |
| 260 | |a Bratislava : |b STU v Bratislave FEI, |c 2021 | ||
| 300 | |a 75 s. | ||
| 650 | 4 | |a vakancia |2 slo | |
| 650 | 4 | |a tepelné starnutie ocelí |2 slo | |
| 650 | 4 | |a elektrón-pozitrónová anihilácia |2 slo | |
| 650 | 4 | |a CDBS (Koincidenčná spektroskopia Dopplerovho rozšírenia anihilačného píku) |2 slo | |
| 650 | 4 | |a PALS (Pozitrónová anihilačná časová spektroskopia) |2 slo | |
| 650 | 4 | |a MS (Mössbauerova spektroskopia) |2 slo | |
| 650 | 4 | |a precipitácia |2 slo | |
| 650 | 4 | |a defekty |2 slo | |
| 650 | 4 | |a electron–positron pair |2 eng | |
| 650 | 4 | |a defects |2 eng | |
| 650 | 4 | |a thermal aging of steels annihilation |2 eng | |
| 650 | 4 | |a CDBS (Coincidence Doppler Broadening Spectroscopy) |2 eng | |
| 650 | 4 | |a precipitation |2 eng | |
| 650 | 4 | |a PALS (Positron Annihilation Lifetime Spectroscopy) |2 eng | |
| 650 | 4 | |a MS (Mössbauer Spectroscopy) |2 eng | |
| 650 | 4 | |a vacancy |2 eng | |
| 700 | 1 | |a Kršjak, Vladimír |u 036000 |k Z2 |4 ths |U FEI Fakulta elektrotechniky a informatiky |T FEI Ústav jadrového a fyzikálneho inžinierstva |X 1787 |U E060 |Y 817 |7 A000001787 | |
| 856 | 4 | |u https://opac.crzp.sk/?fn=detailBiblioForm&sid=1D055279E2D1258CB9752B1E7F1A&seo=CRZP-detail-kniha | |